501 Famous personalities/ (Record no. 146844)
[ view plain ]
| 000 -LEADER | |
|---|---|
| fixed length control field | 00569nam a22001817a 4500 |
| 005 - DATE AND TIME OF LATEST TRANSACTION | |
| control field | 20171025145652.0 |
| 010 ## - LCCN (DPL NO) | |
| LC control number | ENG-121072 |
| 020 ## - INTERNATIONAL STANDARD BOOK NUMBER | |
| Terms of availability | 60.00 |
| International Standard Book Number | 9788184494051 |
| 035 ## - SYSTEM CONTROL NUMBER | |
| System control number | EN-104604 |
| 037 ## - SOURCE OF ACQUISITION | |
| Source of stock number/acquisition | DBAD/PUB |
| 082 ## - DEWEY DECIMAL CLASSIFICATION NUMBER | |
| Classification number | 920 |
| 100 ## - MAIN ENTRY--PERSONAL NAME | |
| Personal name | Varghese, K.C. |
| 245 ## - TITLE STATEMENT | |
| Title | 501 Famous personalities/ |
| Statement of responsibility, etc | by K.C. Varghese |
| 260 ## - PUBLICATION, DISTRIBUTION, ETC. (IMPRINT) | |
| Place of publication, distribution, etc | Chennai |
| Name of publisher, distributor, etc | V.V.K. Subburaj for First Edition [An imprint of Sura Books] |
| Date of publication, distribution, etc | 2012 |
| 270 ## - ADDRESS | |
| Address | 1620, 'J' Block, 16th Main Road, Anna Nagar |
| City | Chennai |
| Postal code | 600040 |
| 300 ## - PHYSICAL DESCRIPTION | |
| Extent | 113p. |
| Dimensions | 21cm(pbk) |
| 942 ## - ADDED ENTRY ELEMENTS (KOHA) | |
| Source of classification or shelving scheme | Dewey Decimal Classification |
| Item type | English Books |
| Classification part | 920 |
| Call number suffix | VAR |
| Withdrawn status | Lost status | Not for loan | Collection code | Home library | Current library | Date acquired | Source of acquisition | Cost, normal purchase price | Full call number | Barcode | Copy number | Cost, replacement price | Koha item type |
|---|---|---|---|---|---|---|---|---|---|---|---|---|---|
| Not For Loan | Non-fiction | D.B.Act.Division | Bawana | 25/10/2017 | DBAD/PUB | 60.00 | 920 VAR | EN-104604 | 1 | 60.00 | English Books |
